Statistics for Largest Islands in the United Kingdom

Click here to take the quiz!

General Stats

  • This quiz has been taken 77 times
    (13 since last reset)
  • The average score is 4 of 6

Answer Stats

Answer % Correct
Ireland
85%
Great Britain
69%
Lewis and Harris
62%
Skye
62%
Mainland Shetland
54%
Mull
54%

Score Distribution

Percentile by Number Answered

Percent of People with Each Score

Your Score History

You have not taken this quiz since the last reset